Statistics for Most Viewed Rock Songs on Youtube

Click here to take the quiz!

General Stats

  • This quiz has been taken 24 times
  • The average score is 35 of 59

Answer Stats

ViewsArtist(s)Song% Correct
867MTotoAfrica
100%
1.6BQueenBohemian Rhapsody
100%
1BBon JoviLivin' On a Prayer
93%
550MGuns N' RosesWelcome to the Jungle
93%
1.6BNirvanaSmells Like Teen Spirit
87%
1.5BGuns N' RosesSweet Child O' Mine
87%
1.1BEuropeThe Final Countdown
87%
1.2BAC/DCThunderstruck
87%
935MAC/DCBack In Black
80%
1BRed Hot Chili PeppersCalifornication
80%
882MSurvivorEye Of The Tiger
80%
562MQueenWe Will Rock You
80%
555MPink FloydAnother Brick In The Wall
73%
1.1BEvanescenceBring Me To Life
73%
803MRadioheadCreep
73%
587MMetallicaEnter Sandman
73%
1BThe PoliceEvery Breath You Take
73%
583MAC/DCHighway to Hell
73%
1.2BBon JoviIt's My Life
73%
1BR.E.M.Losing My Religion
73%
1.9BLinkin ParkNumb
73%
1.3BThe CranberriesZombie
73%
717MGreen DayBoulevard Of Broken Dreams
67%
990MNo DoubtDon't Speak
67%
825MQueenDon't Stop Me Now
67%
1.5BLinkin ParkIn The End
67%
2BGuns N' RosesNovember Rain
67%
765MGuns N' RosesParadise City
67%
554MThe White StripesSeven Nation Army
67%
1.5B4 Non-BlondesWhat's Up
67%
1BScorpionsWind of Change
67%
875MColdplayYellow
67%
579MQueenAnother One Bites The Dust
53%
1.2BSystem Of A DownChop Suey!
53%
735MGuns N' RosesDon't Cry
53%
545MNickelbackHow You Remind Me
53%
554MAerosmithI Don't Want To Miss A Thing
53%
1.2BMetallicaNothing Else Matters
53%
571MThe OutfieldYour Love
53%
929MBon JoviAlways
47%
741MGuns N' RosesPatience
47%
641MAerosmithCrazy
40%
722MGorillazFeel Good Inc.
40%
538MQueenI Want To Break Free
40%
545MKISSI Was Made For Lovin' You
40%
677MExtremeMore Than Words
40%
571MElton JohnSacrifice
40%
964MHoobastankThe Reason
40%
766MSystem Of A DownToxicity
40%
908MEvanescenceMy Immortal
33%
690MRed Hot Chili PeppersOtherside
33%
536MFoo FightersThe Pretender
33%
578MColdplayFix You
27%
777M3 Doors DownHere Without You
27%
900MDisturbedThe Sound Of Silence
27%
597MLinkin ParkWhat I've Done
27%
556MLinkin ParkCastle of Glass
13%
778MRod StewartI Don't Want To Talk About It
13%
556MLinkin ParkNew Divide
7%

Score Distribution

Percentile by Number Answered

Percent of People with Each Score

Your Score History

You have not taken this quiz